[Event "GER Cup19 sf24 serv"]
[Site "GER email"]
[Date "2013.07.14"]
[Round "?"]
[White "Klausner, Helmut"]
[Black "Ipek Yilmaz, Eser"]
[Result "1-0"]
[WhiteElo "1876"]
[BlackElo "1529"]
[PlyCount "29"]
[EventDate "2013.07.20"]
[EventType "tourn (corr)"]
[EventRounds "6"]
[EventCountry "GER"]
[SourceTitle "Corr 2015"]
[Source "ChessBase"]
[SourceDate "2015.07.17"]
[SourceVersion "1"]
[SourceVersionDate "2015.07.17"]
[SourceQuality "1"]

1. e4 g6 2. d4 b6 3. Nc3 Bg7 4. Nf3 Bb7 5. Bc4 h6 6. 0-0 h5 7. Bf4 h4 8. Qd3 Rh5 9. g4 hxg3 10. fxg3 e6 11. Nb5 d6 12. Bxe6 fxe6 13. e5 Rf5 14. exd6 Na6 15. dxc7 1-0

[Event "Remote 11er 0040 email"]
[Site "Remote email"]
[Date "2012.06.03"]
[Round "?"]
[White "Klausner, Helmut"]
[Black "Gnuechtel, Andreas"]
[Result "1/2-1/2"]
[WhiteElo "2222"]
[BlackElo "2183"]
[PlyCount "42"]
[EventDate "2012.??.??"]
[EventType "tourn (corr)"]
[EventRounds "10"]
[EventCountry "GER"]
[SourceTitle "Corr 2015"]
[Source "ChessBase"]
[SourceDate "2015.07.17"]
[SourceVersion "1"]
[SourceVersionDate "2015.07.17"]
[SourceQuality "1"]

1. e4 e5 2. Nf3 Nc6 3. d4 exd4 4. Nxd4 Bc5 5. Be3 Qf6 6. c3 Nge7 7. Bc4 0-0 8. 0-0 d6 9. Nxc6 Nxc6 10. Bxc5 dxc5 11. f4 Be6 12. e5 Qg6 13. Qe2 Rad8 14. Na3 Ne7 15. Qf2 b6 16. Rad1 h6 17. Rd2 Rxd2 18. Qxd2 Nc6 19. Qe2 Rd8 20. Bxe6 Qxe6 21. Nc4 Ne7 1/2-1/2

[Event "Remote 11er 0040 email"]
[Site "Remote email"]
[Date "2012.06.03"]
[Round "?"]
[White "Klausner, Helmut"]
[Black "Santos, Pedro Miguel da Ros"]
[Result "1-0"]
[WhiteElo "2222"]
[BlackElo "1761"]
[PlyCount "53"]
[EventDate "2012.??.??"]
[EventType "tourn (corr)"]
[EventRounds "10"]
[EventCountry "GER"]
[SourceTitle "Corr 2015"]
[Source "ChessBase"]
[SourceDate "2015.07.17"]
[SourceVersion "1"]
[SourceVersionDate "2015.07.17"]
[SourceQuality "1"]

1. e4 c5 2. Nf3 Nc6 3. d4 cxd4 4. Nxd4 e5 5. Nb5 d6 6. N1c3 a6 7. Na3 Nf6 8. Bg5 Be7 9. Nc4 b5 10. Bxf6 gxf6 11. Ne3 Bb7 12. Ncd5 Nd4 13. Bd3 Bxd5 14. exd5 b4 15. a3 Qb8 16. axb4 Qb6 17. c3 Nb5 18. 0-0 Nc7 19. Qh5 a5 20. Nc4 Qb8 21. Nxa5 Qb6 22. Nc6 Rxa1 23. Rxa1 h6 24. Qf5 Kf8 25. Qd7 Nxd5 26. Ra8+ Kg7 27. Qg4# 1-0

[Event "Remote 11er 0040 email"]
[Site "Remote email"]
[Date "2012.06.03"]
[Round "?"]
[White "Klausner, Helmut"]
[Black "Valverde Lopez, Mario"]
[Result "0-1"]
[WhiteElo "2222"]
[BlackElo "1965"]
[PlyCount "30"]
[EventDate "2012.??.??"]
[EventType "tourn (corr)"]
[EventRounds "10"]
[EventCountry "GER"]
[SourceTitle "Corr 2015"]
[Source "ChessBase"]
[SourceDate "2015.07.17"]
[SourceVersion "1"]
[SourceVersionDate "2015.07.17"]
[SourceQuality "1"]

1. e4 e5 2. Nf3 Nf6 3. Nc3 Nc6 4. d4 exd4 5. Nxd4 Bb4 6. Nxc6 Bxc3+ 7. bxc3 dxc6 8. Bd3 Qe7 9. 0-0 0-0 10. h3 Rd8 11. Qf3 Nd7 12. Qg3 Ne5 13. Bf4 f6 14. Rad1 Rd6 15. Bxe5 Qxe5 0-1

[Event "GER-ch65 V05 email"]
[Site "GER email"]
[Date "2011.08.04"]
[Round "?"]
[White "Loeffler, Werner"]
[Black "Klausner, Helmut"]
[Result "1-0"]
[WhiteElo "2135"]
[BlackElo "1874"]
[PlyCount "111"]
[EventDate "2011.08.08"]
[EventType "tourn (corr)"]
[EventRounds "6"]
[EventCountry "GER"]
[SourceTitle "Corr 2015"]
[Source "ChessBase"]
[SourceDate "2015.07.17"]
[SourceVersion "1"]
[SourceVersionDate "2015.07.17"]
[SourceQuality "1"]
[WhiteTeam "Germany"]
[BlackTeam "Germany"]
[WhiteTeamCountry "GER"]
[BlackTeamCountry "GER"]

1. e4 e5 2. Nf3 Nc6 3. Bb5 a6 4. Ba4 Nf6 5. 0-0 b5 6. Bb3 Be7 7. d4 d6 8. d5 Na5 9. Re1 h6 10. Bd2 Nxb3 11. axb3 0-0 12. c4 Bg4 13. h3 Bh5 14. Qe2 Qd7 15. Nc3 Rfb8 16. cxb5 axb5 17. Rxa8 Rxa8 18. b4 Bd8 19. Qd3 Bg6 20. Nh2 Rb8 21. Nf1 c5 22. dxc6 Qxc6 23. f3 d5 24. Nxd5 Nxd5 25. Qxd5 Qxd5 26. exd5 Ra8 27. Be3 f5 28. Bc5 Bf6 29. Ne3 Kf7 30. d6 Ke6 31. Rd1 Kd7 32. Nd5 Bd8 33. Re1 e4 34. fxe4 fxe4 35. Ne7 Bh7 36. Rf1 e3 37. Re1 Ra6 38. Nd5 Bg8 39. Nf4 Bf7 40. Nd3 Bg5 41. Ne5+ Ke6 42. Nxf7 Kxf7 43. g3 Ke6 44. h4 Bf6 45. Kg2 Ra2 46. Rxe3+ Kd7 47. Kf3 Rxb2 48. Ke4 Rc2 49. Kf5 Rd2 50. Ra3 Rd5+ 51. Kg6 Ke6 52. Re3+ Kd7 53. Rf3 Ke6 54. g4 Bxh4 55. Kxg7 Bg5 56. Rf8 1-0

[Event "Remote 11er 0035 email"]
[Site "Remote email"]
[Date "2011.06.08"]
[Round "?"]
[White "Klausner, Helmut"]
[Black "Grimm, Wolfgang"]
[Result "1-0"]
[WhiteElo "2233"]
[BlackElo "1986"]
[PlyCount "49"]
[EventDate "2011.??.??"]
[EventType "tourn (corr)"]
[EventRounds "10"]
[EventCountry "GER"]
[SourceTitle "Corr 2015"]
[Source "ChessBase"]
[SourceDate "2015.07.17"]
[SourceVersion "1"]
[SourceVersionDate "2015.07.17"]
[SourceQuality "1"]

1. e4 Nc6 2. d4 d5 3. Nc3 Nf6 4. e5 Ne4 5. Bb5 Nxc3 6. bxc3 a6 7. Bd3 g6 8. h4 Bf5 9. Rb1 Bxd3 10. cxd3 b5 11. h5 e6 12. hxg6 fxg6 13. Nh3 Qd7 14. Nf4 Qf7 15. Qg4 Nd8 16. Rh3 c6 17. Rf3 Qd7 18. Kf1 c5 19. dxc5 Bxc5 20. d4 Bf8 21. Kg1 Qc6 22. Qh3 Bg7 23. Ba3 Qc8 24. Bc5 Qc6 25. Bd6 1-0

[Event "Remote 11er 0035 email"]
[Site "Remote email"]
[Date "2011.06.08"]
[Round "?"]
[White "Santos, Pedro Miguel da Ros"]
[Black "Klausner, Helmut"]
[Result "0-1"]
[WhiteElo "1893"]
[BlackElo "2233"]
[PlyCount "44"]
[EventDate "2011.??.??"]
[EventType "tourn (corr)"]
[EventRounds "10"]
[EventCountry "GER"]
[SourceTitle "Corr 2015"]
[Source "ChessBase"]
[SourceDate "2015.07.17"]
[SourceVersion "1"]
[SourceVersionDate "2015.07.17"]
[SourceQuality "1"]

1. e4 e5 2. Nf3 Nc6 3. Bc4 Nf6 4. d3 h6 5. c3 d6 6. b4 Be7 7. a4 0-0 8. a5 a6 9. 0-0 d5 10. exd5 Nxd5 11. Ba2 Be6 12. Re1 Bf6 13. Ba3 Re8 14. Bb2 Nf4 15. Re3 Bxa2 16. Rxa2 e4 17. Ne1 exd3 18. Qd2 Ne5 19. Re4 Qd5 20. Rxf4 Qxa2 21. Na3 Ng6 22. Rf3 Qxb2 0-1

[Event "GER-ch55 V08 email"]
[Site "GER email"]
[Date "2009.10.16"]
[Round "?"]
[White "Klausner, Helmut"]
[Black "Hoebel, Hartmut"]
[Result "0-1"]
[WhiteElo "1892"]
[BlackElo "2179"]
[PlyCount "82"]
[EventDate "2009.10.26"]
[EventType "tourn (corr)"]
[EventRounds "6"]
[EventCountry "GER"]
[SourceTitle "Corr 2013"]
[Source "ChessBase"]
[SourceDate "2012.11.12"]
[SourceVersion "1"]
[SourceVersionDate "2012.11.12"]
[SourceQuality "1"]

1. e4 d6 2. d4 Nf6 3. Nc3 g6 4. Bg5 c6 5. Qd2 b5 6. Bd3 Bg7 7. Bh6 0-0 8. Bxg7 Kxg7 9. e5 dxe5 10. dxe5 Nfd7 11. Nf3 Nc5 12. 0-0 Bg4 13. Ng5 h6 14. h3 Bf5 15. Nf3 Bxd3 16. cxd3 Qxd3 17. Qc1 Ne6 18. Rd1 Qc4 19. b3 Qc5 20. Ne4 Qb6 21. Qc3 c5 22. Qe3 Rc8 23. Rac1 Na6 24. Nc3 Rd8 25. g3 Nb4 26. a3 Nc6 27. Qe4 Rac8 28. Nd5 Qa6 29. a4 bxa4 30. bxa4 Ncd4 31. Nxd4 cxd4 32. Rxc8 Qxc8 33. Nxe7 Qc5 34. Nc6 Rd5 35. Nb4 Rxe5 36. Qb7 Rh5 37. h4 a5 38. Nd3 Qc2 39. Re1 Qxd3 40. Rxe6 Qd1+ 41. Kg2 Rf5 0-1

[Event "GER-ch47 V6 email"]
[Site "GER email"]
[Date "2008.07.07"]
[Round "?"]
[White "Lelgemann, Ludwig"]
[Black "Klausner, Helmut"]
[Result "1-0"]
[WhiteElo "2151"]
[BlackElo "1904"]
[PlyCount "95"]
[EventDate "2008.??.??"]
[EventType "tourn (corr)"]
[EventRounds "10"]
[EventCountry "GER"]
[SourceTitle "Corr 2011"]
[Source "ChessBase"]
[SourceDate "2010.08.31"]
[SourceVersion "1"]
[SourceVersionDate "2010.08.31"]
[SourceQuality "1"]

1. d4 d5 2. c4 e6 3. Nc3 c6 4. Nf3 Nf6 5. e3 Nbd7 6. Be2 dxc4 7. Bxc4 b5 8. Bd3 Bb7 9. 0-0 a6 10. e4 c5 11. d5 c4 12. Bc2 Qc7 13. dxe6 fxe6 14. Qe2 Rc8 15. Ng5 b4 16. Na4 e5 17. f4 Qc6 18. fxe5 Nxe5 19. Be3 Nfd7 20. Nf3 Nxf3+ 21. Qxf3 Qe6 22. Rad1 Bc6 23. Nb6 Nxb6 24. Bxb6 Be7 25. Bd4 Qg6 26. Qe2 Bd7 27. e5 Qg4 28. Rf3 Qe6 29. Bf5 Qxf5 30. Rxf5 Bxf5 31. Rc1 Be6 32. Qf3 Rf8 33. Qh5+ Rf7 34. Qxh7 Rc6 35. Rd1 Bf5 36. Qh8+ Bf8 37. Qh5 Bd3 38. b3 g6 39. Qg4 Bf5 40. Qf3 Rfc7 41. bxc4 Rxc4 42. Qd5 Bg4 43. Rf1 Rxd4 44. Rxf8+ Kxf8 45. Qxd4 Rc1+ 46. Kf2 Rc2+ 47. Ke3 Re2+ 48. Kd3 1-0

[Event "GER-ch45 V7 email"]
[Site "GER email"]
[Date "2008.07.07"]
[Round "?"]
[White "Wuttke, Johannes"]
[Black "Klausner, Helmut"]
[Result "1-0"]
[WhiteElo "2091"]
[BlackElo "1904"]
[PlyCount "80"]
[EventDate "2008.??.??"]
[EventType "tourn (corr)"]
[EventRounds "10"]
[EventCountry "GER"]
[SourceTitle "Corr 2011"]
[Source "ChessBase"]
[SourceDate "2010.08.31"]
[SourceVersion "1"]
[SourceVersionDate "2010.08.31"]
[SourceQuality "1"]

1. f4 c5 2. b3 Nf6 3. e3 g6 4. Bb2 Bg7 5. Nf3 0-0 6. Be2 Nc6 7. 0-0 d6 8. c4 e5 9. fxe5 Ng4 10. Nc3 dxe5 11. Ne1 f5 12. Bxg4 fxg4 13. Rxf8+ Qxf8 14. Nd3 Bf5 15. Nf2 Nb4 16. d3 g3 17. hxg3 Rd8 18. Nd5 Nxd5 19. cxd5 Qd6 20. e4 Bc8 21. Qe2 Rf8 22. Rf1 b6 23. Ng4 Rxf1+ 24. Kxf1 Bd7 25. Bc1 Qf8+ 26. Kg1 Bb5 27. Bd2 h6 28. a4 Ba6 29. Ne3 Bc8 30. Nc4 h5 31. Qe3 Qe7 32. Bc3 Kh7 33. a5 b5 34. Nxe5 Bxe5 35. Bxe5 Qxe5 36. Qxc5 Bg4 37. Qxa7+ Kh8 38. a6 Bc8 39. Qb6 Qa1+ 40. Kh2 Qxa6 1-0